000 01271nam a2200313Ia 4500
001 ebr10206489
003 CaPaEBR
006 m u
007 cr cn|||||||||
008 061030s2007 ne a sb 001 0 eng d
010 _z 2006036416
020 _z9780123740373 (pbk. : alk. paper)
020 _z9780080552903
020 _z0123740371 (pbk. : alk. paper)
040 _aCaPaEBR
_cCaPaEBR
035 _a(OCoLC)468730038
050 1 4 _aTS171
_b.B89 2007eb
100 1 _aBuxton, William.
245 1 0 _aSketching user experiences
_h[electronic resource] :
_bgetting the design right and the right design /
_cBill Buxton.
260 _aAmsterdam ;
_aBoston :
_bElsevier/Morgan Kaufmann,
_cc2007.
300 _a443 p. :
_bill. (chiefly col.)
504 _aIncludes bibliographical references (p. 422-436) and index.
533 _aElectronic reproduction.
_bPalo Alto, Calif. :
_cebrary,
_d2011.
_nAvailable via World Wide Web.
_nAccess may be limited to ebrary affiliated libraries.
650 0 _aIndustrial design.
650 0 _aProduct management.
655 7 _aElectronic books.
_2local
710 2 _aebrary, Inc.
856 4 0 _uhttp://site.ebrary.com/lib/rucke/Doc?id=10206489
_zAn electronic book accessible through the World Wide Web; click to view
999 _c121533
_d121533